| 000 | 00493cam a2200169ua 4500 | ||
|---|---|---|---|
| 020 | _c700.00 | ||
| 041 |
_aeng _h |
||
| 082 |
_a028.74631 _bTOM/PR |
||
| 100 | _aTomar, Sadachari Singh . | ||
| 245 |
_aProceedings Xth national convention of agricultural engineers / _cTomar sadachari singh. _hTextual Documents |
||
| 260 |
_aMadhya Pradesh : _bInstitution of engineers India , _c1996. |
||
| 300 | _a370 ; . | ||
| 365 | _a700.00 | ||
| 504 | _a | ||
| 942 | _cBK | ||
| 999 |
_c10670 _d10670 |
||